| 000 | 00771 a2200253 4500 | ||
|---|---|---|---|
| 003 | CBULib | ||
| 005 | 20240129081950.0 | ||
| 008 | 240129b |||||||| |||| 00| 0 eng d | ||
| 020 | _a9780993239854 | ||
| 040 |
_bEnglish _cCBULib _erda |
||
| 050 | _aPR1306.H45.P58 | ||
| 100 |
_aPitt, S. _92204 |
||
| 245 |
_aTrouwerner : a series of short stories chronicling the fate of aboriginal Tasmanians _c/ by S. Pitt |
||
| 260 |
_bFirsthale, _c2021. _aHoniton, Devon : |
||
| 300 | _a245 pages | ||
| 336 |
_2rdacontent _aText | _btxt |
||
| 337 |
_2rdamedia _aUnmediated | _bn |
||
| 338 |
_2rdacarrier _aVolume _bnc |
||
| 650 | 0 |
_92210 _aHISTORICAL FICTION |
|
| 650 | 0 |
_92212 _aINDIGENOUS PEOPLES |
|
| 650 | 0 |
_92213 _aAUSTRALIA |
|
| 650 | 0 |
_92211 _aTASMANIA |
|
| 942 |
_2lcc _c002 |
||
| 999 |
_c83962 _d83962 |
||